<?xml version="1.0" encoding="UTF-8"?>
<record
    xmlns:xsi="http://www.w3.org/2001/XMLSchema-instance"
    xsi:schemaLocation="http://www.loc.gov/MARC21/slim http://www.loc.gov/standards/marcxml/schema/MARC21slim.xsd"
    xmlns="http://www.loc.gov/MARC21/slim">

  <leader>01061nam a22001577a 4500</leader>
  <controlfield tag="008">150428b        xxu||||| |||| 00| 0 eng d</controlfield>
  <datafield tag="020" ind1=" " ind2=" ">
    <subfield code="a">9990996547</subfield>
  </datafield>
  <datafield tag="050" ind1=" " ind2=" ">
    <subfield code="a">JN30.S74</subfield>
  </datafield>
  <datafield tag="245" ind1=" " ind2=" ">
    <subfield code="a">The State of the European Union 1994. /</subfield>
    <subfield code="c">edited by Peter G. Xuereb and Roderick Pace</subfield>
  </datafield>
  <datafield tag="260" ind1=" " ind2=" ">
    <subfield code="a">Malta:</subfield>
    <subfield code="b">European documentation and research centre,</subfield>
    <subfield code="c">c1994.</subfield>
  </datafield>
  <datafield tag="300" ind1=" " ind2=" ">
    <subfield code="a">241p.</subfield>
    <subfield code="c">24cm.</subfield>
  </datafield>
  <datafield tag="505" ind1=" " ind2=" ">
    <subfield code="a">Contents: Institution of the European Union -- An Introduction to the legal order of the European Union -- The Economics of the European integration: the four freedoms -- The Evolution of EU-Malta relations: economic and political aspects -- An Overview of EU competition rules and comments on the Maltese competition bill -- EU competition policy and recent developments -- EU and Maltese company law -- European financial services law -- Monetary movements in the European Union -- The Maltese banking system and membership of the European union -- Economic convergence and monetary union.</subfield>
  </datafield>
  <datafield tag="700" ind1=" " ind2=" ">
    <subfield code="a">Xuereb, Peter G.</subfield>
  </datafield>
  <datafield tag="700" ind1=" " ind2=" ">
    <subfield code="a">Pace, Roderick</subfield>
  </datafield>
  <datafield tag="942" ind1=" " ind2=" ">
    <subfield code="2">lcc</subfield>
    <subfield code="c">BK</subfield>
  </datafield>
  <datafield tag="999" ind1=" " ind2=" ">
    <subfield code="c">5439</subfield>
    <subfield code="d">12939</subfield>
  </datafield>
  <datafield tag="952" ind1=" " ind2=" ">
    <subfield code="0">0</subfield>
    <subfield code="1">0</subfield>
    <subfield code="2">lcc</subfield>
    <subfield code="4">0</subfield>
    <subfield code="7">0</subfield>
    <subfield code="a">WIUC-1</subfield>
    <subfield code="b">WIUC-1</subfield>
    <subfield code="c">LL</subfield>
    <subfield code="d">2015-04-28</subfield>
    <subfield code="l">0</subfield>
    <subfield code="o">JN30.S74</subfield>
    <subfield code="p">032/15</subfield>
    <subfield code="r">2015-04-28 00:00:00</subfield>
    <subfield code="w">2015-04-28</subfield>
    <subfield code="y">BK</subfield>
  </datafield>
</record>
